GUI based energy monitoring system / (Record no. 615885)

000 -LEADER
fixed length control field 00730nam a22001817a 4500
003 - CONTROL NUMBER IDENTIFIER
control field NUST
005 - DATE AND TIME OF LATEST TRANSACTION
control field 20260121154117.0
082 ## - DEWEY DECIMAL CLASSIFICATION NUMBER
Classification number 621.382,MEH
100 ## - MAIN ENTRY--PERSONAL NAME
Personal name Mehmood, Khawar
9 (RLIN) 132866
245 ## - TITLE STATEMENT
Title GUI based energy monitoring system /
Statement of responsibility, etc. Khawar Mehmood, Farhan Ullah, Nauman Khan and Shabbir Manan (TCC-27 / TE-52)
260 ## - PUBLICATION, DISTRIBUTION, ETC.
Place of publication, distribution, etc. Rawalpindi
Name of publisher, distributor, etc. MCS (NUST)
Date of publication, distribution, etc. June, 2019
300 ## - PHYSICAL DESCRIPTION
Extent vii, 62p.;
505 ## - FORMATTED CONTENTS NOTE
Formatted contents note Introduction (Page-1), Literature Review (Page-6), Motors (Page-9), Graphical User Interface (Page-18), Design and Implementation (Page-27), Conclusion (Page-40), Codes (Page-42).
650 ## - SUBJECT ADDED ENTRY--TOPICAL TERM
Topical term or geographic name entry element UG Project
9 (RLIN) 131132
651 ## - SUBJECT ADDED ENTRY--GEOGRAPHIC NAME
Geographic name TCC-27 / TE-52
9 (RLIN) 132852
700 ## - ADDED ENTRY--PERSONAL NAME
Personal name Supervised by Dr. Zeeshan Zahid
9 (RLIN) 132704
942 ## - ADDED ENTRY ELEMENTS (KOHA)
Source of classification or shelving scheme
Koha item type Project Report
Holdings
Withdrawn status Lost status Source of classification or shelving scheme Damaged status Not for loan Permanent Location Current Location Shelving location Date acquired Total Checkouts Full call number Barcode Date last seen Price effective from Koha item type Public note
          Military College of Signals (MCS) Military College of Signals (MCS) Reference 01/21/2026   621.382,MEH MCSPTE-287 01/21/2026 01/21/2026 Project Report Almirah No.90, Shelf No.4
© 2023 Central Library, National University of Sciences and Technology. All Rights Reserved.